Игры Ice-Pick Lodge - Statistics

General Stats
  • This quiz has been taken 10 times
  • The average score is 5 of 7
Answer Stats
Игра Описание % Correct
Тук-тук-тук / Knock-Knock! Главный герой страдает бессонницей в ожидании чего-то зловещего в собственном жилище: так ему предстоит пережить несколько ночей.
100%
Мор / Pathologic 2 Главным героям выпадает редчайший шанс исправить неотвратимый катаклизм.
100%
Мор (Утопия) / Pathologic Отдалённый захолустный город охвачен смертельной болезнью, именуемой "песочной язвой", с которой игроку и предстоит побороться от имени одного из трёх персонажей со своими методами, мотивами и предысторией.
86%
Тургор (Голос цвета) / Tension / The Void Игроку предстоит наполнить увядающий фантасмагоричный мир цветом, дабы спасти населяющих его мудрых и красивых сестёр, борющихся против деспотичных тиранов-братьев.
57%
Эврика! / Cargo! The Quest for Gravity Героям-воздухоплавателям необходимо восстановить тяготение на Земле и притянуть разлетевшиеся объекты обратно.
57%
Помни / Know by Heart Повзрослевшего главного героя съедает повседневная рутина, однако в его жизни появляется человек из детства, дарующий неугасший свет прошлого его настоящему и будущему.
57%
Франц / Franz Игра для смартфонов, где селится без преувеличения ваш новый друг, который тоже будет требовать вашего внимания наравне с другими контактами и приложениями
43%
No matching quizzes found
Score Distribution
Percent of People with Each Score
Percentile by Number Answered
Your Score History
You have not taken this quiz